000 00315nam a2200133Ia 4500
005 20251222140108.0
008 251222s1900||||xx |||||||||||||| ||spa||
020 _a8495269139
082 _a221.48/D63
245 0 _aSeptuaginta
250 _a1ra. ed.
264 _bDeutsche Bibelgesellschaft Stuttgart
942 _cLIB
999 _c4184
_d4184